<?xml version="1.0" encoding="UTF-8"?>
<record
    xmlns:xsi="http://www.w3.org/2001/XMLSchema-instance"
    xsi:schemaLocation="http://www.loc.gov/MARC21/slim http://www.loc.gov/standards/marcxml/schema/MARC21slim.xsd"
    xmlns="http://www.loc.gov/MARC21/slim">

  <leader>02455nam a2200205Ia 4500</leader>
  <controlfield tag="001">6598</controlfield>
  <controlfield tag="008">260622s9999    xx            000 0 und d</controlfield>
  <datafield tag="245" ind1=" " ind2="0">
    <subfield code="a">&#x627;&#x644;&#x641;&#x646; &#x627;&#x644;&#x637;&#x644;&#x64A;&#x637;&#x644;&#x64A;: &#x627;&#x644;&#x625;&#x633;&#x644;&#x627;&#x645;&#x64A; &#x648; &#x627;&#x644;&#x645;&#x62F;&#x62C;&#x646;/ </subfield>
    <subfield code="c">&#x62A;&#x627;&#x644;&#x64A;&#x641;: &#x628;&#x627;&#x633;&#x64A;&#x644;&#x64A;&#x648; &#x628;&#x627;&#x628;&#x648;&#x646; &#x645;&#x627;&#x644;&#x62F;&#x648;&#x646;&#x627;&#x62F;&#x648;. &#x62A;&#x631;&#x62C;&#x645;&#x629;: &#x639;&#x644;&#x64A; &#x625;&#x628;&#x631;&#x627;&#x647;&#x64A;&#x645; &#x645;&#x646;&#x648;&#x641;&#x64A;</subfield>
  </datafield>
  <datafield tag="260" ind1=" " ind2=" ">
    <subfield code="c">1973</subfield>
  </datafield>
  <datafield tag="300" ind1=" " ind2=" ">
    <subfield code="a">620p; </subfield>
    <subfield code="c">23x17cm</subfield>
  </datafield>
  <datafield tag="490" ind1=" " ind2=" ">
    <subfield code="a">&#x645;&#x634;&#x631;&#x648;&#x639; &#x627;&#x644;&#x642;&#x648;&#x645;&#x64A; &#x644;&#x644;&#x62A;&#x631;&#x62C;&#x645;&#x629;&#x61B; </subfield>
    <subfield code="v">523</subfield>
  </datafield>
  <datafield tag="505" ind1=" " ind2=" ">
    <subfield code="a">Original title: Arte Toledano Islamico Y Mudejar/ Basilio Pavon Maldonado.  ---- The word &#x201C;Mud&#xE9;jar&#x201D; originated as a reference to Muslims living under Christian rule in Iberia and sometimes carried negative connotations. Later, historians adopted the term to describe art and architecture incorporating elements from mosques and other Andalusian structures. These include horseshoe and interlacing arches, as well as Arabic inscriptions and geometric and plant motifs. Medieval synagogues and churches adopted the style developed in mosques, and Mud&#xE9;jar culture came to represent the region as a whole. Although the Christian Reconquista hit Toledo fairly early, its buildings continued the local Mud&#xE9;jar style. </subfield>
  </datafield>
  <datafield tag="520" ind1=" " ind2=" ">
    <subfield code="a">&#x646;&#x634;&#x623;&#x62A; &#x643;&#x644;&#x645;&#x629; "&#x645;&#x62F;&#x62C;&#x646;" &#x643;&#x625;&#x634;&#x627;&#x631;&#x629; &#x625;&#x644;&#x649; &#x627;&#x644;&#x645;&#x633;&#x644;&#x645;&#x64A;&#x646; &#x627;&#x644;&#x630;&#x64A;&#x646; &#x639;&#x627;&#x634;&#x648;&#x627; &#x62A;&#x62D;&#x62A; &#x627;&#x644;&#x62D;&#x643;&#x645; &#x627;&#x644;&#x645;&#x633;&#x64A;&#x62D;&#x64A; &#x641;&#x64A; &#x634;&#x628;&#x647; &#x627;&#x644;&#x62C;&#x632;&#x64A;&#x631;&#x629; &#x627;&#x644;&#x623;&#x64A;&#x628;&#x64A;&#x631;&#x64A;&#x629;&#x60C; &#x648;&#x643;&#x627;&#x646;&#x62A; &#x62A;&#x62D;&#x645;&#x644; &#x623;&#x62D;&#x64A;&#x627;&#x646;&#x64B;&#x627; &#x62F;&#x644;&#x627;&#x644;&#x627;&#x62A; &#x633;&#x644;&#x628;&#x64A;&#x629;. &#x644;&#x627;&#x62D;&#x642;&#x64B;&#x627;&#x60C; &#x62A;&#x628;&#x646;&#x649; &#x627;&#x644;&#x645;&#x624;&#x631;&#x62E;&#x648;&#x646; &#x627;&#x644;&#x645;&#x635;&#x637;&#x644;&#x62D; &#x644;&#x648;&#x635;&#x641; &#x627;&#x644;&#x641;&#x646; &#x648;&#x627;&#x644;&#x639;&#x645;&#x627;&#x631;&#x629; &#x627;&#x644;&#x62A;&#x64A; &#x62A;&#x62A;&#x636;&#x645;&#x646; &#x639;&#x646;&#x627;&#x635;&#x631; &#x645;&#x646; &#x627;&#x644;&#x645;&#x633;&#x627;&#x62C;&#x62F; &#x648;&#x63A;&#x64A;&#x631;&#x647;&#x627; &#x645;&#x646; &#x627;&#x644;&#x645;&#x628;&#x627;&#x646;&#x64A; &#x627;&#x644;&#x623;&#x646;&#x62F;&#x644;&#x633;&#x64A;&#x629;. &#x62A;&#x634;&#x645;&#x644; &#x647;&#x630;&#x647; &#x627;&#x644;&#x639;&#x646;&#x627;&#x635;&#x631; &#x627;&#x644;&#x623;&#x642;&#x648;&#x627;&#x633; &#x627;&#x644;&#x645;&#x62A;&#x634;&#x627;&#x628;&#x643;&#x629; &#x648;&#x627;&#x644;&#x623;&#x642;&#x648;&#x627;&#x633; &#x639;&#x644;&#x649; &#x634;&#x643;&#x644; &#x62D;&#x62F;&#x648;&#x629; &#x62D;&#x635;&#x627;&#x646;&#x60C; &#x628;&#x627;&#x644;&#x625;&#x636;&#x627;&#x641;&#x629; &#x625;&#x644;&#x649; &#x627;&#x644;&#x646;&#x642;&#x648;&#x634; &#x627;&#x644;&#x639;&#x631;&#x628;&#x64A;&#x629; &#x648;&#x627;&#x644;&#x632;&#x62E;&#x627;&#x631;&#x641; &#x627;&#x644;&#x647;&#x646;&#x62F;&#x633;&#x64A;&#x629; &#x648;&#x627;&#x644;&#x646;&#x628;&#x627;&#x62A;&#x64A;&#x629;. &#x62A;&#x628;&#x646;&#x62A; &#x627;&#x644;&#x643;&#x646;&#x627;&#x626;&#x633; &#x648;&#x627;&#x644;&#x645;&#x639;&#x627;&#x628;&#x62F; &#x627;&#x644;&#x64A;&#x647;&#x648;&#x62F;&#x64A;&#x629; &#x641;&#x64A; &#x627;&#x644;&#x639;&#x635;&#x648;&#x631; &#x627;&#x644;&#x648;&#x633;&#x637;&#x649; &#x627;&#x644;&#x623;&#x633;&#x644;&#x648;&#x628; &#x627;&#x644;&#x630;&#x64A; &#x62A;&#x637;&#x648;&#x631; &#x641;&#x64A; &#x627;&#x644;&#x645;&#x633;&#x627;&#x62C;&#x62F;&#x60C; &#x648;&#x623;&#x635;&#x628;&#x62D;&#x62A; &#x62B;&#x642;&#x627;&#x641;&#x629; &#x627;&#x644;&#x645;&#x62F;&#x62C;&#x646; &#x62A;&#x645;&#x62B;&#x644; &#x627;&#x644;&#x645;&#x646;&#x637;&#x642;&#x629; &#x643;&#x643;&#x644;. &#x639;&#x644;&#x649; &#x627;&#x644;&#x631;&#x63A;&#x645; &#x645;&#x646; &#x623;&#x646; &#x627;&#x644;&#x627;&#x633;&#x62A;&#x631;&#x62F;&#x627;&#x62F; &#x627;&#x644;&#x645;&#x633;&#x64A;&#x62D;&#x64A; &#x648;&#x635;&#x644; &#x625;&#x644;&#x649; &#x637;&#x644;&#x64A;&#x637;&#x644;&#x629; &#x641;&#x64A; &#x648;&#x642;&#x62A; &#x645;&#x628;&#x643;&#x631; &#x646;&#x633;&#x628;&#x64A;&#x64B;&#x627;&#x60C; &#x625;&#x644;&#x627; &#x623;&#x646; &#x645;&#x628;&#x627;&#x646;&#x64A;&#x647;&#x627; &#x627;&#x633;&#x62A;&#x645;&#x631;&#x62A; &#x641;&#x64A; &#x627;&#x644;&#x62D;&#x641;&#x627;&#x638; &#x639;&#x644;&#x649; &#x623;&#x633;&#x644;&#x648;&#x628; &#x627;&#x644;&#x645;&#x62F;&#x62C;&#x646; &#x627;&#x644;&#x645;&#x62D;&#x644;&#x64A;.</subfield>
  </datafield>
  <datafield tag="546" ind1=" " ind2=" ">
    <subfield code="a">Arabic</subfield>
  </datafield>
  <datafield tag="650" ind1=" " ind2=" ">
    <subfield code="a">Arch &#x642;&#x648;&#x633;</subfield>
    <subfield code="9">9436</subfield>
  </datafield>
  <datafield tag="650" ind1=" " ind2=" ">
    <subfield code="a">NA2835-4050 Architecture- Details and Decoration</subfield>
  </datafield>
  <datafield tag="650" ind1=" " ind2=" ">
    <subfield code="a">&#x632;&#x62E;&#x631;&#x641;&#x629;</subfield>
    <subfield code="9">9437</subfield>
  </datafield>
  <datafield tag="651" ind1=" " ind2=" ">
    <subfield code="a">Spain</subfield>
  </datafield>
  <datafield tag="942" ind1=" " ind2=" ">
    <subfield code="c">BK</subfield>
  </datafield>
  <datafield tag="999" ind1=" " ind2=" ">
    <subfield code="c">6598</subfield>
    <subfield code="d">6598</subfield>
  </datafield>
  <datafield tag="952" ind1=" " ind2=" ">
    <subfield code="0">0</subfield>
    <subfield code="1">0</subfield>
    <subfield code="4">0</subfield>
    <subfield code="7">0</subfield>
    <subfield code="8">N</subfield>
    <subfield code="a">SAFL</subfield>
    <subfield code="b">SAFL</subfield>
    <subfield code="d">2026-06-22</subfield>
    <subfield code="l">0</subfield>
    <subfield code="o">NA2835-4050 192.28 </subfield>
    <subfield code="p">6598</subfield>
    <subfield code="r">2026-06-22</subfield>
    <subfield code="w">2026-06-22</subfield>
    <subfield code="y">BK</subfield>
  </datafield>
</record>
